000 00670nam a2200253Ia 4500
003 OSt
005 20220918223828.0
006 a|||||r|||| 00| 0
007 ta
008 220917b |||||||| |||| 00| 0 eng d
024 _a225,372
037 _cTextual
040 _aARTS
_cARTS
_beng
041 _2eng
_aeng
082 _aQ4x, P1
100 _aYun Master Hsing
_9146744
245 0 _aBuddhism
_b Pure and simple
260 _aNew York
_bWeatherhill
_c2001
300 _a138p
_ccm.
650 _aRELIGION
700 _a Graham Tom Tr.
_9146745
942 _hQ4x, P1
_cTEXL
_2CC
999 _c279557
_d279557